000 01705nam a2200289Ia 4500
999 _c36263
_d36263
001 2169
003 GE_BSU
005 20190513143623.0
008 181216s2004||||ge |||||||||||||| ||geo||
020 _a9994072943
040 _cGE_BSU
041 _ageo
080 _a340(479.22) ქ-27
245 _aქართული კერძო სამართლის კრებული = Collected articles in the Georgian private law :
_bწ. 1 /
_cავტ.: გიორგი ცერცვაძე, ალექსანდრე იოსელიანი, როინ მიგრიაული, ოთარ ზოიძე, ზურაბ ჭეჭელაშვილი, ლელა ინწკირველი, ნინო ჭიპაშვილი
264 _aთბილისი :
_cსაია,
_b2004.
300 _a350 გვ.
_b24 სმ.
653 _aსამართალი
653 _aსამოქალაქო სამართალი
653 _aქართული კერძო სამართალი
653 _aსაქართველოს სამეწარმეო სამართალი
700 _aცერცვაძე, გიორგი
_eავტორი
_9935
700 _aიოსელიანი, ალექსანდრე
_eავტორი
_91055
700 _aმიგრიაული, როინ და სხვ.
_eავტორი
_91056
700 _aმენაღარიშვილი, მაია
_9936
_eრედაქტორი
700 _aსესიაშვილი, ირაკლი
_eრედაქტორი
_9936
942 _cBK
_2udc